00239nam a2200097Ia 4500008004100000100001800041245004600059260001500105260000900120546001200129170619s9999 xx 000 0 und d aCeri- Stefane 0aDistributed Database Principles & Systems bDelhi: TMH c1985 aENGLISH